000 00316nam a2200109Ia 4500
008 171211s9999 xx 000 0 und d
245 _aIs This Not the Carpenter?
245 _cThomas L. Thompson and Thomas S. Verenna
260 _c2012
650 _xRELIGION
856 _uhttp://down.ebook777.com/062/1845539869.pdf
999 _c350610
_d350610